Proyecto de ley general de educación /
| Hlavní autor: | |
|---|---|
| Médium: | Kniha |
| Jazyk: | španělština |
| Vydáno: |
San José, Costa Rica :
Ministerio de Educación Pública,
1980
|
| Témata: |
MARC
| LEADER | 00000nam a2200000Ia 4500 | ||
|---|---|---|---|
| 008 | 171206b1980 cr ||||| |||| 00| | spa d | ||
| 999 | |c 1471 |d 1471 | ||
| 090 | |a 06.02.01 |b 176 | ||
| 100 | 1 | |a Dengo Obregón, María Eugenia |9 2398 | |
| 245 | 1 | 0 | |a Proyecto de ley general de educación / |c María Eugenia Dengo de Vargas |
| 260 | |a San José, Costa Rica : |b Ministerio de Educación Pública, |c 1980 | ||
| 300 | |a 43 páginas | ||
| 650 | 1 | 4 | |a EDUCACIÓN |9 1 |
| 650 | 1 | 4 | |a LEGISLACIÓN |9 45 |
| 650 | 1 | 4 | |a DERECHO |9 823 |
| 942 | |i 00186 |h 06.02.01 176 |2 z |c 01 | ||
